2021 Year End WTA Top 100 - Statistics

General Stats
  • This quiz has been taken 101 times
    52 since last reset
  • The average score is 57 of 100
Answer Stats
Rank Country Answer % Correct
2 Belarus Aryna Sabalenka
100%
1 Australia Ashleigh Barty
100%
9 Poland Iga Świątek
100%
4 Czech Republic Karolína Plíšková
100%
6 Greece Maria Sakkari
100%
10 Tunisia Ons Jabeur
100%
5 Czech Republic Barbora Krejčíková
92%
67 Croatia Donna Vekić
92%
14 Kazakhstan Elena Rybakina
92%
21 Belgium Elise Mertens
92%
3 Spain Garbiñe Muguruza
92%
24 Canada Leylah Fernandez
92%
56 USA Madison Keys
92%
17 Czech Republic Petra Kvitova
92%
41 USA Serena Williams
92%
7 Estonia Anett Kontaveit
83%
47 USA Ann Li
83%
82 Brazil Beatriz Haddad Maia
83%
23 Switzerland Belinda Bencic
83%
46 Canada Bianca Andreescu
83%
22 USA Coco Gauff
83%
15 Ukraine Elina Svitolina
83%
19 Great Britain Emma Raducanu
83%
53 Italy Jasmine Paolini
83%
28 Latvia Jeļena Ostapenko
83%
50 Ukraine Marta Kostyuk
83%
61 Egypt Mayar Sherif
83%
13 Japan Naomi Osaka
83%
8 Spain Paula Badosa
83%
80 China Saisai Zheng
83%
20 Romania Simona Halep
83%
27 Belarus Viktoria Azarenka
83%
16 Germany Angelique Kerber
75%
74 France Caroline Garcia
75%
44 Denmark Clara Tauson
75%
29 USA Danielle Collins
75%
26 Russia Daria Kasatkina
75%
34 Russia Ekaterina Alexandrova
75%
18 USA Jessica Pegula
75%
49 Czech Republic Kateřina Siniaková
75%
57 Poland Magda Linette
75%
35 Czech Republic Markéta Vondroušová
75%
64 USA Sloane Stephens
75%
99 China Xinyu Wang
75%
78 USA Amanda Anisimova
67%
11 Russia Anastasia Pavlyuchenkova
67%
55 Colombia Camila Osorio
67%
32 Czech Republic Karolína Muchová
67%
39 Russia Liudmila Samsonova
67%
12 USA Sofia Kenin
67%
38 Romania Sorana Cirstea
67%
31 Russia Veronika Kudermetova
67%
42 Kazakhstan Yulia Putintseva
67%
90 Hungary Anna Bondar
58%
33 Italy Camila Giorgi
58%
97 Ukraine Dayana Yastremska
58%
89 Czech Republic Marie Bouzková
58%
62 Netherlands Arantxa Rus
50%
54 Croatia Petra Martić
50%
45 Australia Ajla Tomljanovic
42%
59 France Alizé Cornet
42%
69 Russia Anastasia Potapova
42%
52 Ukraine Anhelina Kalinina
42%
43 Switzerland Viktoria Golubic
42%
70 Latvia Anastasija Sevastova
33%
84 Slovakia Anna Karolína Schmiedlová
33%
77 France Clara Burel
33%
75 Belgium Greet Minnen
33%
60 Romania Irina-Camelia Begu
33%
25 USA Jennifer Brady
33%
72 Estonia Kaia Kanepi
33%
92 France Kristina Mladenovic
33%
86 Sweden Rebecca Peterson
33%
36 Spain Sara Sorribes Tormo
33%
79 Russia Varvara Gracheva
33%
91 Belarus Aliaksandra Sasnovich
25%
68 Belgium Alison van Uytvanck
25%
76 Germany Andrea Petkovic
25%
93 USA Bernarda Pera
25%
94 USA Claire Liu
25%
95 Montenegro Danka Kovinić
25%
85 Romania Elena-Gabriela Ruse
25%
73 Great Britain Heather Watson
25%
71 Romania Jaqueline Cristian
25%
98 Slovenia Kaja Juvan
25%
83 Argentina Nadia Podoroska
25%
100 Kazakhstan Zarina Diyas
25%
51 USA Alison Riske
17%
96 Australia Astra Sharma
17%
37 Switzerland Jil Teichmann
17%
40 USA Shelby Rogers
17%
30 Slovenia Tamara Zidanšek
17%
63 China Zhang Shuai
17%
66 Croatia Ana Konjuh
8%
88 USA Lauren Davis
8%
58 USA Madison Brengle
8%
81 Belgium Maryna Zanevska
8%
65 Spain Nuria Parrizas Díaz
8%
48 Czech Republic Tereza Martincová
8%
87 Russia Vera Zvonareva
8%
No matching quizzes found
Score Distribution
Percent of People with Each Score
Percentile by Number Answered
Your Score History
You have not taken this quiz since the last reset